000 00364nam a2200145 i 4500
001 bg
100 1 _aLEJDY, Brunon
245 0 _aLaboratorium technologii montażu /
_cBrunon Lejdy, Andrzej Sajczyk.
260 _aBiałystok,
_c1981.
700 1 _aSAJCZYK, Andrzej
040 _cBPK
041 _apol
942 _cKS
008 s pl f |000 0 pol
999 _c20518
_d20518
856 _uhttp://koha.tu.koszalin.pl/cgi-bin/koha/opac-detail.pl?biblionumber=20518
_yKatalog online BPK